000 00748nam a2200241 a 4500
001 BRCA_2596
005 20190320203900.0
008 281108s1914----be-a######---#000-0#fre-u
041 _afre
044 _abe
050 4 _aNE650.C3
_b.P53 1914
100 1 _aPlan, Pierre Paul
_97411
245 1 0 _aJacques Callot
_bMaitre Graveur (1593-1635) Suivi d´un Catalogue Chronologique
_cpar Pierre-Paul Plan.
260 _aBruselas
_bG. van Oest
_c1914
300 _a106 p.
_bil.
_c25 cm.
500 _aIncluye índice cronológico
500 _aIncluye nueva edición revisada con 96 estampas y un retrato.
500 _aA56
600 1 4 _aCallot, Jacques
_d1592-1635
_97412
650 1 4 _aGrabadores franceses
_97413
902 _aGFM
942 _2lcc
_cB
999 _c2336
_d2336